[Event "interzonal (w)"]
[Site "Tuzla"]
[Date "1987.??.??"]
[Round "3"]
[White "Nikolin, Zorica"]
[Black "Petrovic, Marija"]
[Result "0-1"]
[WhiteElo "2325"]
[BlackElo "2200"]
[EventDate "1987.07.??"]
[PlyCount "126"]

1.e4 g6 2.d4 Bg7 3.Nc3 c6 4.Bc4 b5 5.Bb3 b4 6.Nce2 d6 7.f4 d5 8.exd5 cxd5 
9.Bd2 a5 10.a3 bxa3 11.Rxa3 Nf6 12.Qa1 Nc6 13.Ba4 Bd7 14.Bxc6 Bxc6 15.Bxa5
Qd7 16.Nf3 Bb5 17.Nc3 Ne4 18.Nxb5 Qxb5 19.Bc3 Rxa3 20.Qxa3 O-O 21.Nd2 Nd6 
22.Kf2 Qd7 23.Re1 Qf5 24.Kg1 Qxf4 25.Nf3 Nf5 26.Qc5 e6 27.b4 Qb8 28.b5 Rc8
29.Qb4 Qb6 30.Ra1 Rb8 31.Rb1 Nd6 32.Qa5 Qxa5 33.Bxa5 Rxb5 34.Rxb5 Nxb5 35.
c3 f6 36.Kf2 Bf8 37.Ke3 Nd6 38.Kd3 Kf7 39.Bc7 Nc4 40.h3 Bh6 41.g4 Ke7 42.
h4 Kd7 43.Bg3 Bf8 44.g5 f5 45.Be5 Kc6 46.Kc2 Bd6 47.Kb3 Nxe5 48.dxe5 Bc5 
49.Kc2 Bf2 50.Kd3 Kc5 51.Ke2 Bg3 52.Kd3 Bf4 53.Nd4 Bxe5 54.Nxe6+ Kd6 55.
Nf8 Ke7 56.Nxh7 Kf7 57.c4 dxc4+ 58.Kxc4 Kg7 59.Kd5 Bb2 60.Nf6 Bxf6 61.
gxf6+ Kxf6 62.Kd4 Ke6 63.Kd3 Ke5 0-1

[Event "interzonal (w)"]
[Site "Tuzla"]
[Date "1987.??.??"]
[Round "4"]
[White "Arakhamia, Ketevan"]
[Black "Brustman, Agnieszka"]
[Result "0-1"]
[WhiteElo "2375"]
[BlackElo "2320"]
[EventDate "1987.07.??"]
[PlyCount "92"]

1.d4 Nf6 2.c4 g6 3.Nc3 Bg7 4.e4 d6 5.f4 O-O 6.Nf3 c5 7.d5 e6 8.Be2 exd5 9.
cxd5 Bg4 10.O-O Nbd7 11.Re1 Re8 12.h3 Bxf3 13.Bxf3 a6 14.g4 h6 15.h4 Nh7 
16.g5 hxg5 17.hxg5 f6 18.f5 Nxg5 19.fxg6 f5 20.Bg2 Nxe4 21.Nxe4 fxe4 22.
Qh5 Bd4+ 23.Kh2 Nf6 24.Qh6 Qc7 25.Bg5 Qg7 26.Qxg7+ Kxg7 27.Bxf6+ Bxf6 28.
Bxe4 b5 29.Rab1 Re5 30.Kg2 Rh8 31.Bf3 Rg5+ 32.Kf1 Rf5 33.Kg2 Be5 34.Rh1 
Rg5+ 35.Kf2 Rf8 36.Rh7+ Kxg6 37.Rbh1 Bd4+ 38.Ke2 Re5+ 39.Kd2 Rxf3 40.R1h6+
Kg5 41.Rh5+ Kg4 42.Rh4+ Kg3 43.Rh3+ Kg2 44.Rh2+ Kf1 45.Rh1+ Bg1 46.Rg7 
Re2+ 0-1

[Event "interzonal (w)"]
[Site "Tuzla"]
[Date "1987.??.??"]
[Round "4"]
[White "Canela Gimenez, Teresa"]
[Black "Khadilkar, Rohini"]
[Result "1/2-1/2"]
[WhiteElo "2100"]
[BlackElo "2220"]
[EventDate "1987.07.??"]
[PlyCount "62"]

1.e4 d5 2.exd5 Nf6 3.d4 Nxd5 4.c4 Nb6 5.Nf3 g6 6.Be2 Bg7 7.O-O O-O 8.Nc3 
Bg4 9.c5 Nd5 10.Qb3 Nxc3 11.bxc3 b6 12.cxb6 axb6 13.h3 Be6 14.Bc4 Bxc4 15.
Qxc4 Nd7 16.Bf4 Ra7 17.Bg3 Nf6 18.Ne5 Qd5 19.Qxd5 Nxd5 20.c4 Nb4 21.a3 Nc2
22.Nc6 Ra4 23.Nxe7+ Kh8 24.Ra2 Rxc4 25.Rc1 Nxa3 26.Rxc4 Nxc4 27.d5 b5 28.
Nc6 Nb6 29.Ra5 Nxd5 30.Rxb5 Nc3 31.Rb7 Ne2+ 1/2-1/2

[Event "interzonal (w)"]
[Site "Tuzla"]
[Date "1987.??.??"]
[Round "4"]
[White "Frometa Castillo, Zirka"]
[Black "Sakhatova, Gulnar"]
[Result "0-1"]
[WhiteElo "2220"]
[BlackElo "2350"]
[EventDate "1987.07.??"]
[PlyCount "76"]

1.d4 Nf6 2.c3 d5 3.Bg5 c5 4.e3 Ne4 5.Bf4 Nc6 6.Nd2 Nf6 7.Bd3 g6 8.Ngf3 Bg7
9.h3 O-O 10.dxc5 Nd7 11.Be2 Nxc5 12.O-O e5 13.Bh2 a5 14.Bb5 e4 15.Nd4 Ne5 
16.b4 Ncd3 17.Qb3 Kh8 18.f4 exf3 19.N2xf3 Nxf3+ 20.Nxf3 Qb6 21.Bxd3 Qxe3+ 
22.Kh1 Qxd3 23.Ne5 a4 24.Qb2 Qb5 25.Rxf7 Rxf7 26.Nxf7+ Kg8 27.Ne5 Bf5 28.
Qd2 Be4 29.Re1 Bf5 30.a3 Rf8 31.Bg3 h6 32.Kh2 Kh7 33.Bf2 Be4 34.Bg3 Rf5 
35.Ng4 Qc6 36.Nf2 Bxc3 37.Qe2 Bxe1 38.Nxe4 Bxb4 0-1

[Event "interzonal (w)"]
[Site "Tuzla"]
[Date "1987.??.??"]
[Round "4"]
[White "Ioseliani, Nana"]
[Black "Lebel-Arias, Julia"]
[Result "1-0"]
[WhiteElo "2450"]
[BlackElo "2150"]
[EventDate "1987.07.??"]
[PlyCount "109"]

1.e4 c5 2.Nf3 e6 3.d4 cxd4 4.Nxd4 Bc5 5.Nc3 Qb6 6.Be3 Nc6 7.Ndb5 Bxe3 8.
fxe3 Qxe3+ 9.Be2 Kd8 10.Rf1 Nf6 11.Qd6 a6 12.Qc7+ Ke7 13.Qd6+ Kd8 14.Qc7+ 
Ke7 15.Nd6 Nd4 16.Nc4 Ne8 17.Nd5+ Kf8 18.Ncxe3 Nxc7 19.Nxc7 Rb8 20.Rd1 Nc6
21.Nc4 Ke7 22.Rf3 b5 23.Nd6 f6 24.Rh3 h6 25.Nxc8+ Rhxc8 26.Nxa6 Rb6 27.Nc5
Ne5 28.Nd3 Nf7 29.Nb4 Rc5 30.Rg3 Ng5 31.Rgd3 Rc7 32.Rd4 Rbb7 33.c3 Rb6 34.
Nc2 e5 35.Rb4 Rcb7 36.Rd5 Ke6 37.Bxb5 Nxe4 38.Rxd7 Rb8 39.Rxe4 Rxb5 40.
Rxg7 Rxb2 41.Re2 Rb1+ 42.Kf2 f5 43.Rg3 h5 44.Rge3 e4 45.g3 Kf6 46.Nd4 Rd1 
47.Rc2 Rc8 48.Rb2 Kf7 49.Ree2 Rd3 50.Rb6 Ra8 51.Rc6 Rb8 52.a4 Rb1 53.a5 
Rc1 54.Rb2 Kg7 55.Nxf5+ 1-0

[Event "interzonal (w)"]
[Site "Tuzla"]
[Date "1987.??.??"]
[Round "4"]
[White "Ivanka, Maria"]
[Black "Nikolin, Zorica"]
[Result "1/2-1/2"]
[WhiteElo "2320"]
[BlackElo "2325"]
[EventDate "1987.07.??"]
[PlyCount "33"]

1.Nf3 d6 2.g3 g6 3.Bg2 Bg7 4.O-O Nf6 5.c4 O-O 6.Nc3 Nc6 7.a3 e5 8.d3 h6 9.
Bd2 Nh5 10.b4 f5 11.Rc1 f4 12.Nd5 g5 13.b5 Ne7 14.Nxe7+ Qxe7 15.Bc3 Rb8 
16.Nd2 Bd7 17.e3 1/2-1/2

[Event "interzonal (w)"]
[Site "Tuzla"]
[Date "1987.??.??"]
[Round "4"]
[White "Petrovic, Marija"]
[Black "Hoiberg, Nina"]
[Result "0-1"]
[WhiteElo "2200"]
[BlackElo "2295"]
[EventDate "1987.07.??"]
[PlyCount "80"]

1.Nf3 g6 2.g3 Bg7 3.d4 d6 4.Bg2 Nd7 5.O-O e5 6.c3 Nh6 7.dxe5 dxe5 8.Qa4 
O-O 9.Rd1 Qe7 10.Bg5 Qe6 11.Bxh6 Bxh6 12.Qh4 Kg7 13.Bh3 f5 14.Na3 e4 15.
Nd4 Qf7 16.f4 Nf6 17.Nac2 Nd5 18.c4 Ne7 19.Ne3 Qf6 20.Qxf6+ Kxf6 21.Nb5 c6
22.Rd6+ Kf7 23.Nc7 Rb8 24.Rad1 Bg7 25.b3 Bc3 26.Rc1 Ba5 27.Nb5 cxb5 28.
cxb5 Bb6 29.Kf2 Be6 30.Rcd1 Rbc8 31.a4 Rc3 32.Rxb6 axb6 33.Rd6 Rxb3 34.
Rxb6 Rxe3 35.Rxb7 Ra3 36.Ra7 e3+ 37.Kg1 Ra1+ 38.Bf1 Bc4 39.Kg2 Bd5+ 40.Kg1
Rc8 0-1

[Event "interzonal (w)"]
[Site "Tuzla"]
[Date "1987.??.??"]
[Round "4"]
[White "Semenova, Lidia"]
[Black "Matveeva, Svetlana"]
[Result "1/2-1/2"]
[WhiteElo "2230"]
[BlackElo "2380"]
[EventDate "1987.07.??"]
[PlyCount "127"]

1.e4 c5 2.Nf3 d6 3.d4 cxd4 4.Nxd4 Nf6 5.Nc3 g6 6.Be2 Bg7 7.O-O Nc6 8.Nb3 
O-O 9.Be3 Be6 10.f4 Rc8 11.Bf3 Ng4 12.Bc1 Bxb3 13.Bxg4 Be6 14.f5 Bxc3 15.
bxc3 Bd7 16.Bh6 Ne5 17.Bxf8 Kxf8 18.Qd4 f6 19.h3 g5 20.Be2 Qc7 21.Rab1 a6 
22.Bd3 Be8 23.Qb6 Qxb6+ 24.Rxb6 Bc6 25.Kf2 Ke8 26.Rfb1 Kd8 27.Rxb7 Bxb7 
28.Rxb7 Nd7 29.Ke3 Nc5 30.Rb1 Kc7 31.Bc4 Rb8 32.Rxb8 Kxb8 33.Kd4 Kc7 34.
Bf7 h6 35.Be8 Kd8 36.Bh5 Kd7 37.Be2 Kc6 38.Bf3 Kd7 39.Kd5 Kc7 40.Bh5 Kd7 
41.Bf7 Kc7 42.Kd4 Kb6 43.Bc4 Nd7 44.g3 Nc5 45.Be6 Kc7 46.Ke3 Na4 47.Bb3 
Nxc3 48.Kd3 Nd1 49.Kd4 Nf2 50.Bc4 a5 51.Bf1 Nh1 52.g4 Ng3 53.Bd3 h5 54.Kd5
hxg4 55.hxg4 Nh1 56.c4 Nf2 57.Be2 Nh3 58.Bd1 Nf4+ 59.Kd4 e5+ 60.fxe6 Nxe6+
61.Kd5 Nf4+ 62.Kd4 Kb6 63.Bf3 Kc7 64.Bd1 1/2-1/2

[Event "interzonal (w)"]
[Site "Tuzla"]
[Date "1987.??.??"]
[Round "4"]
[White "Trabert, Bettina"]
[Black "Maksimovic, Suzana"]
[Result "0-1"]
[WhiteElo "2225"]
[BlackElo "2345"]
[EventDate "1987.07.??"]
[PlyCount "80"]

1.e4 c5 2.c3 d6 3.d4 Nf6 4.Bd3 Nc6 5.Ne2 g6 6.O-O Bg7 7.Bg5 O-O 8.Nd2 Rb8 
9.a4 a6 10.h3 b5 11.axb5 axb5 12.Kh1 Qb6 13.Be3 Nd7 14.dxc5 dxc5 15.f4 b4 
16.Nc4 Qc7 17.Qe1 Rd8 18.Qf2 Nf6 19.Bc2 Be6 20.b3 bxc3 21.e5 Nd5 22.Bxc5 
Ndb4 23.Be4 Nd3 24.Bxd3 Rxd3 25.Nc1 Rd5 26.Bb6 Qd7 27.Qf3 c2 28.Bg1 Rd1 
29.Ne3 Rd2 30.Rf2 Nb4 31.Rxd2 Qxd2 32.Qe4 Rc8 33.f5 gxf5 34.Nxf5 Bxf5 35.
Qxf5 e6 36.Qe4 Nd5 37.Bd4 Bh6 38.Qg4+ Kh8 39.Bg1 Qd1 40.b4 Be3 0-1

[Event "interzonal (w)"]
[Site "Tuzla"]
[Date "1987.??.??"]
[Round "4"]
[White "Veroci-Petronic, Zsuzsa"]
[Black "Liu Shilan"]
[Result "1/2-1/2"]
[WhiteElo "2360"]
[BlackElo "2335"]
[EventDate "1987.07.??"]
[PlyCount "31"]

1.e4 e5 2.Nf3 Nc6 3.Bb5 a6 4.Ba4 Nf6 5.O-O Be7 6.Bxc6 dxc6 7.d3 Nd7 8.Nbd2
O-O 9.Nc4 f6 10.Nh4 Nc5 11.Nf5 Bxf5 12.exf5 Qd5 13.Qg4 Rfe8 14.Re1 Bf8 15.
Nd2 Rad8 16.Ne4 1/2-1/2

[Event "interzonal (w)"]
[Site "Tuzla"]
[Date "1987.??.??"]
[Round "5"]
[White "Brustman, Agnieszka"]
[Black "Frometa Castillo, Zirka"]
[Result "1-0"]
[WhiteElo "2320"]
[BlackElo "2220"]
[EventDate "1987.07.??"]
[PlyCount "105"]

1.e4 Nf6 2.e5 Nd5 3.d4 Nb6 4.a4 a5 5.Bb5 c6 6.Bd3 g6 7.Bf4 Na6 8.c3 Nc7 9.
Nf3 Ne6 10.Bc1 Bg7 11.O-O O-O 12.c4 d5 13.c5 Nd7 14.Be3 f6 15.exf6 exf6 
16.Nbd2 f5 17.Nb3 g5 18.Qc2 Qf6 19.Bd2 g4 20.Ne5 Nxe5 21.dxe5 Qxe5 22.Bc3 
Qc7 23.Bxf5 Rxf5 24.Qxf5 Nd4 25.Qg5 h6 26.Qe3 Nxb3 27.Qe8+ Kh7 28.Bxg7 
Kxg7 29.Rad1 Kf6 30.Qe3 Bf5 31.Qxb3 Rd8 32.Qe3 Kg6 33.Qd4 Rf8 34.Rde1 Qg7 
35.Qxg7+ Kxg7 36.Re7+ Rf7 37.Rxf7+ Kxf7 38.f3 gxf3 39.Rxf3 Kg6 40.Rb3 Bc8 
41.Kf2 Kf6 42.Rf3+ Ke5 43.Rf8 Bf5 44.Rh8 Kd4 45.Rxh6 Kxc5 46.h4 Kb4 47.Rf6
Bc2 48.g4 Kxa4 49.g5 Kb3 50.g6 Kxb2 51.g7 Bh7 52.Rh6 Bg8 53.Rh8 1-0

[Event "interzonal (w)"]
[Site "Tuzla"]
[Date "1987.??.??"]
[Round "5"]
[White "Hoiberg, Nina"]
[Black "Ivanka, Maria"]
[Result "0-1"]
[WhiteElo "2295"]
[BlackElo "2320"]
[EventDate "1987.07.??"]
[PlyCount "48"]

1.e4 c5 2.Nf3 e6 3.b4 b6 4.c3 Bb7 5.e5 cxb4 6.d4 bxc3 7.Nxc3 Bb4 8.Qb3 Nc6
9.Ba3 Qe7 10.Bxb4 Qxb4 11.Qxb4 Nxb4 12.Nb5 Ke7 13.Kd2 Nh6 14.Rb1 Nd5 15.
Bd3 f6 16.a4 Nf4 17.Nd6 Bxf3 18.gxf3 Nxd3 19.Kxd3 fxe5 20.dxe5 Rhf8 21.
Rhg1 g6 22.Ke4 Nf5 23.Nxf5+ Rxf5 24.Rgd1 Raf8 0-1

[Event "interzonal (w)"]
[Site "Tuzla"]
[Date "1987.??.??"]
[Round "5"]
[White "Khadilkar, Rohini"]
[Black "Veroci-Petronic, Zsuzsa"]
[Result "0-1"]
[WhiteElo "2220"]
[BlackElo "2360"]
[EventDate "1987.07.??"]
[PlyCount "60"]

1.e4 e5 2.Nf3 Nc6 3.d4 exd4 4.c3 d5 5.exd5 Qxd5 6.cxd4 Bg4 7.Be2 Nf6 8.Nc3
Bb4 9.O-O Qa5 10.Bd2 O-O 11.a3 Bxc3 12.Bxc3 Qd5 13.h3 Bh5 14.Re1 Rad8 15.
Qa4 Ne4 16.Rad1 Rfe8 17.Qb5 Nxc3 18.bxc3 Bxf3 19.gxf3 Ne7 20.Kg2 a6 21.Qd3
Ng6 22.Qd2 Re6 23.Kh2 Rde8 24.f4 Nh4 25.f3 Nxf3+ 26.Bxf3 Qxf3 27.Re5 f6 
28.Rxe6 Rxe6 29.Re1 Rxe1 30.Qxe1 Qxf4+ 0-1

[Event "interzonal (w)"]
[Site "Tuzla"]
[Date "1987.??.??"]
[Round "5"]
[White "Lebel-Arias, Julia"]
[Black "Arakhamia, Ketevan"]
[Result "0-1"]
[WhiteElo "2150"]
[BlackElo "2375"]
[EventDate "1987.07.??"]
[PlyCount "114"]

1.g3 Nf6 2.f4 d5 3.Bg2 g6 4.Nf3 Bg7 5.d3 O-O 6.O-O Nc6 7.c3 h6 8.Na3 Bg4 
9.Ne5 Nxe5 10.fxe5 Nd7 11.Bxd5 c6 12.Bg2 Nxe5 13.d4 Nd7 14.Nc4 Be6 15.Nd2 
Nb6 16.e4 a5 17.a4 Kh7 18.Qe2 Qd7 19.Rf2 c5 20.d5 Bg4 21.Qe3 Rac8 22.b3 
Qc7 23.Bb2 Bd7 24.Bf1 e6 25.Bc4 exd5 26.exd5 Rce8 27.Qf3 Nc8 28.Raf1 Nd6 
29.Re2 Qb6 30.Ne4 Nxc4 31.bxc4 f5 32.Nf2 Bxa4 33.Rfe1 Qb3 34.Qd3 Rxe2 35.
Rxe2 Rd8 36.g4 fxg4 37.Nxg4 Qd1+ 38.Qxd1 Bxd1 39.Rg2 Re8 40.h3 h5 41.Nh2 
Bh6 42.Nf1 Be2 43.Ba3 b6 44.d6 Bxc4 45.d7 Rd8 46.Nd2 Bd5 47.Re2 Rxd7 48.h4
g5 49.hxg5 Bxg5 50.Ne4 Bxe4 51.Rxe4 Rd1+ 52.Kf2 Ra1 53.Bxc5 bxc5 54.Re5 
Kg6 55.Rxc5 h4 56.Kg2 a4 57.Rc6+ Kh5 0-1

[Event "interzonal (w)"]
[Site "Tuzla"]
[Date "1987.??.??"]
[Round "5"]
[White "Liu Shilan"]
[Black "Petrovic, Marija"]
[Result "1-0"]
[WhiteElo "2355"]
[BlackElo "2200"]
[EventDate "1987.07.??"]
[PlyCount "135"]

1.e4 g6 2.d4 Bg7 3.Nf3 d6 4.c3 Nf6 5.Bd3 O-O 6.O-O Nbd7 7.Re1 e5 8.Bg5 h6 
9.Bh4 Qe8 10.Nbd2 Nh5 11.dxe5 dxe5 12.Nc4 Nc5 13.Bf1 b5 14.Qd5 bxc4 15.
Qxc5 g5 16.Bg3 Nxg3 17.hxg3 Rb8 18.Rab1 Rb6 19.Bxc4 Rc6 20.Qb4 Rb6 21.Qa5 
Be6 22.Nd2 Qd7 23.Bxe6 Qxd2 24.Bb3 Rf6 25.Qxa7 h5 26.Qe3 Qxe3 27.Rxe3 Rd8 
28.Re2 Rfd6 29.a4 Bf8 30.Kf1 Rb8 31.Bd5 c6 32.Bc4 c5 33.a5 Ra8 34.a6 Ra7 
35.Ke1 Kg7 36.Rd1 Rdxa6 37.Bxa6 Rxa6 38.Red2 Rb6 39.Ra1 Rb7 40.Kd1 Be7 41.
Kc2 g4 42.Ra6 h4 43.gxh4 Bxh4 44.f3 gxf3 45.gxf3 f6 46.Rc6 Rb5 47.Rd7+ Kg6
48.Rd5 Kg5 49.Rcxc5 Rb6 50.Rc8 Kf4 51.Rd3 Bf2 52.Rh8 Ra6 53.Rh5 Kg3 54.Rf5
Kg2 55.Rd2 Kg3 56.Rxf2 Kxf2 57.b4 Ke3 58.b5 Rb6 59.c4 Kd4 60.Kb3 Kc5 61.f4
Kd4 62.fxe5 fxe5 63.Rf8 Kxe4 64.Kb4 Rd6 65.c5 Rd4+ 66.Ka5 Rc4 67.c6 Kd5 
68.Kb6 1-0

[Event "interzonal (w)"]
[Site "Tuzla"]
[Date "1987.??.??"]
[Round "5"]
[White "Maksimovic, Suzana"]
[Black "Ioseliani, Nana"]
[Result "0-1"]
[WhiteElo "2345"]
[BlackElo "2450"]
[EventDate "1987.07.??"]
[PlyCount "94"]

1.d4 Nf6 2.g3 e6 3.Bg2 d5 4.Nf3 c5 5.c3 Nc6 6.O-O Be7 7.Bg5 O-O 8.Nbd2 b6 
9.Re1 Bb7 10.a3 Rc8 11.Qa4 h6 12.Bxf6 Bxf6 13.e3 a6 14.b4 cxb4 15.cxb4 e5 
16.dxe5 Nxe5 17.Nxe5 Bxe5 18.Rac1 Qf6 19.Red1 Bb2 20.Rxc8 Rxc8 21.Nf3 Qc6 
22.Qxc6 Rxc6 23.Nd4 Rc3 24.Ne2 Rxa3 25.Nf4 Rb3 26.Bxd5 Bxd5 27.Nxd5 a5 28.
Nxb6 Rxb4 29.Rd8+ Kh7 30.Nd5 Rb5 31.e4 a4 32.Ra8 a3 33.Kf1 f5 34.f3 Rc5 
35.Ne3 fxe4 36.fxe4 Rc3 37.Ke2 Bc1 38.Nd5 Rc2+ 39.Kd3 Rxh2 40.Nc3 Rd2+ 41.
Kc4 Bb2 42.Nb5 Re2 43.Nxa3 Rxe4+ 44.Kd5 Rd4+ 45.Kc5 Rd3 46.Nc4 Bf6 47.g4 
Rg3 0-1

[Event "interzonal (w)"]
[Site "Tuzla"]
[Date "1987.??.??"]
[Round "5"]
[White "Matveeva, Svetlana"]
[Black "Canela Gimenez, Teresa"]
[Result "1/2-1/2"]
[WhiteElo "2380"]
[BlackElo "2100"]
[EventDate "1987.07.??"]
[PlyCount "100"]

1.d4 Nf6 2.Nf3 g6 3.Bg5 Bg7 4.Nbd2 d5 5.e3 O-O 6.Bd3 c5 7.c3 Qb6 8.Qb3 Nc6
9.Qxb6 axb6 10.O-O Re8 11.Bf4 Nd7 12.Bc7 c4 13.Bc2 b5 14.a3 e5 15.dxe5 
Ndxe5 16.Nd4 Nxd4 17.exd4 Nc6 18.Rae1 Bd7 19.Bf4 Rxe1 20.Rxe1 Re8 21.Rxe8+
Bxe8 22.Nf1 Nd8 23.Ne3 Bc6 24.Bd6 Ne6 25.f4 Nxd4 26.cxd4 Bxd4 27.Kf2 Bxb2 
28.Ng4 h5 29.Ne5 Be8 30.Nf3 d4 31.Be5 Bxa3 32.Bxd4 Bc1 33.f5 gxf5 34.Bxf5 
b4 35.Ne5 b5 36.Ke2 b3 37.Kd1 Ba3 38.Nd7 Bd6 39.h3 b4 40.Nf6+ Kf8 41.Nxe8 
Kxe8 42.Be4 c3 43.Be3 b2 44.Kc2 Ke7 45.Bd4 Ke6 46.g4 hxg4 47.hxg4 Be5 48.
Bc5 Kf6 49.Bxb4 Kg5 50.Bf5 Kf4 1/2-1/2

[Event "interzonal (w)"]
[Site "Tuzla"]
[Date "1987.??.??"]
[Round "5"]
[White "Nikolin, Zorica"]
[Black "Trabert, Bettina"]
[Result "1-0"]
[WhiteElo "2325"]
[BlackElo "2225"]
[EventDate "1987.07.??"]
[PlyCount "61"]

1.e4 e5 2.Nf3 Nc6 3.Bb5 a6 4.Ba4 d6 5.c3 f5 6.d4 fxe4 7.Nxe5 dxe5 8.Qh5+ 
Ke7 9.Bg5+ Nf6 10.Nd2 Be6 11.Nxe4 Kd7 12.Bxf6 gxf6 13.d5 Bxd5 14.Qf5+ Ke7 
15.Qxf6+ Kd7 16.Rd1 Qxf6 17.Nxf6+ Ke6 18.Nxd5 Bd6 19.Bb3 Kf5 20.Ke2 Rae8 
21.f3 h5 22.h4 Ne7 23.g4+ Kg6 24.Ne3 b5 25.Rdg1 Kf6 26.gxh5 c5 27.Nd5+ 
Nxd5 28.Rg6+ Ke7 29.Bxd5 Rxh5 30.Rg7+ Kf6 31.Rf7+ 1-0

[Event "interzonal (w)"]
[Site "Tuzla"]
[Date "1987.??.??"]
[Round "5"]
[White "Sakhatova, Gulnar"]
[Black "Semenova, Lidia"]
[Result "1/2-1/2"]
[WhiteElo "2350"]
[BlackElo "2230"]
[EventDate "1987.07.??"]
[PlyCount "111"]

1.d4 g6 2.c4 d6 3.Nc3 e5 4.Nf3 Bg7 5.dxe5 dxe5 6.Qxd8+ Kxd8 7.Bg5+ f6 8.
O-O-O+ Nd7 9.Bd2 c6 10.Ne4 Bf8 11.Bc3 Ke8 12.Nd6+ Bxd6 13.Rxd6 Nc5 14.Rd1 
Ne7 15.e3 Be6 16.Be2 a5 17.Nd2 Kf7 18.b3 h5 19.f3 Nf5 20.Nf1 Rhb8 21.e4 
Ne7 22.Ne3 b5 23.Kc2 b4 24.Bb2 h4 25.Rhf1 Rd8 26.Rxd8 Rxd8 27.Rd1 Rxd1 28.
Bxd1 Nc8 29.a3 Bd7 30.axb4 axb4 31.Kd2 Nd6 32.g3 hxg3 33.hxg3 Ndb7 34.Ke2 
Be6 35.Bc1 Na5 36.Bd2 Ncxb3 37.Bxb4 c5 38.Bc3 Nd4+ 39.Kd3 Nb7 40.f4 Nd6 
41.Ba4 f5 42.exf5 e4+ 43.Kd2 gxf5 44.Ba5 Nxc4+ 45.Nxc4 Bxc4 46.Bb6 Bb3 47.
Bd7 Be6 48.Ba4 Nf3+ 49.Ke3 c4 50.Ba5 Kg6 51.g4 fxg4 52.Kxe4 Bf5+ 53.Ke3 
Kf6 54.Bd1 Nh2 55.Kf2 Bd3 56.Kg2 1/2-1/2

[Event "interzonal (w)"]
[Site "Tuzla"]
[Date "1987.??.??"]
[Round "6"]
[White "Arakhamia, Ketevan"]
[Black "Maksimovic, Suzana"]
[Result "1-0"]
[WhiteElo "2375"]
[BlackElo "2345"]
[EventDate "1987.07.??"]
[PlyCount "61"]

1.d4 Nf6 2.c4 e6 3.Nc3 Bb4 4.Nf3 O-O 5.Bg5 c5 6.dxc5 Nc6 7.Qc2 h6 8.Bxf6 
Qxf6 9.e3 b6 10.cxb6 axb6 11.Be2 Ba6 12.O-O Bxc3 13.bxc3 Na5 14.Rfd1 Ra7 
15.Rd4 e5 16.Rd5 Nxc4 17.Bxc4 Bxc4 18.Rxe5 Rfa8 19.h3 Rxa2 20.Rxa2 Bxa2 
21.c4 Qc6 22.Nd2 Qc7 23.Qe4 d5 24.Qxd5 Rd8 25.Qe4 Kf8 26.Rd5 b5 27.Qd4 
Rxd5 28.cxd5 f6 29.d6 Qd7 30.Ne4 Be6 31.Nc5 1-0

[Event "interzonal (w)"]
[Site "Tuzla"]
[Date "1987.??.??"]
[Round "6"]
[White "Brustman, Agnieszka"]
[Black "Lebel-Arias, Julia"]
[Result "1-0"]
[WhiteElo "1950"]
[BlackElo "2150"]
[EventDate "1987.07.??"]
[PlyCount "93"]

1.e4 g6 2.d4 Bg7 3.c3 c6 4.f4 d5 5.e5 h5 6.Nf3 Bg4 7.Be3 Nh6 8.Nbd2 e6 9.
h3 Bxf3 10.Nxf3 Nf5 11.Bf2 Bf8 12.Bd3 Be7 13.O-O Nd7 14.b3 Nb6 15.g3 Qc7 
16.Kg2 O-O-O 17.a4 Kb8 18.b4 Rdg8 19.Qe2 g5 20.fxg5 Bxg5 21.Bxf5 exf5 22.
Nxg5 Rxg5 23.Be3 Rg6 24.Rxf5 Rhg8 25.Bf4 Ka8 26.Qxh5 Nc4 27.Kh2 Qd7 28.Rf1
a6 29.Rg5 Qe6 30.Rf2 Ka7 31.Rxg6 Rxg6 32.Bc1 a5 33.Qh7 Nxe5 34.dxe5 Qxe5 
35.Bf4 Qe1 36.Rg2 axb4 37.cxb4 Re6 38.Qh5 Qxb4 39.Qxf7 Re4 40.h4 d4 41.Qc7
Re8 42.a5 Ka6 43.h5 Qb5 44.g4 d3 45.h6 Rh8 46.Qb6+ Qxb6 47.axb6 1-0

[Event "interzonal (w)"]
[Site "Tuzla"]
[Date "1987.??.??"]
[Round "6"]
[White "Frometa Castillo, Zirka"]
[Black "Semenova, Lidia"]
[Result "0-1"]
[WhiteElo "2220"]
[BlackElo "2230"]
[EventDate "1987.07.??"]
[PlyCount "80"]

1.d4 g6 2.Nc3 Bg7 3.e4 c6 4.Bc4 d6 5.Qf3 e6 6.Bf4 d5 7.Bb3 Nf6 8.O-O-O b5 
9.e5 Ng8 10.Qe3 a5 11.a4 Ba6 12.Nf3 Nd7 13.axb5 Bxb5 14.Nxb5 cxb5 15.Bxd5 
exd5 16.e6 f6 17.exd7+ Kf7 18.g4 g5 19.Qe8+ Qxe8 20.dxe8=Q+ Rxe8 21.Bg3 
Ne7 22.h4 h6 23.h5 Nc6 24.Rhe1 Rxe1 25.Rxe1 Rc8 26.Kd2 Bf8 27.c3 a4 28.Ra1
Na5 29.Kd3 Nb3 30.Rb1 b4 31.Nd2 Nxd2 32.Kxd2 Ke6 33.f3 b3 34.Kd3 Kd7 35.
Bh2 Be7 36.Bg3 Rc6 37.Bh2 Bd8 38.Bg3 Ba5 39.Bh2 a3 40.bxa3 Rxc3+ 0-1

[Event "interzonal (w)"]
[Site "Tuzla"]
[Date "1987.??.??"]
[Round "6"]
[White "Ioseliani, Nana"]
[Black "Nikolin, Zorica"]
[Result "1-0"]
[WhiteElo "2450"]
[BlackElo "2325"]
[EventDate "1987.07.??"]
[PlyCount "81"]

1.e4 e5 2.Nf3 Nc6 3.Bb5 a6 4.Ba4 Nf6 5.O-O Nxe4 6.d4 b5 7.Bb3 d5 8.dxe5 
Be6 9.Nbd2 Be7 10.c3 Nc5 11.Bc2 Bg4 12.Re1 Qd7 13.Nf1 Rd8 14.Ne3 Bh5 15.
Nf5 O-O 16.Nxe7+ Nxe7 17.Be3 Ne6 18.Bxh7+ Kxh7 19.Ng5+ Kg6 20.g4 Bxg4 21.
Qxg4 Nxg5 22.Qxg5+ Kh7 23.Qh5+ Kg8 24.Bg5 Rde8 25.Re3 g6 26.Qh4 Nf5 27.Qg4
Re6 28.Re2 Qc6 29.Rd1 Rfe8 30.Rde1 Qc4 31.Qh3 b4 32.cxb4 Qxb4 33.Bf6 Rxf6 
34.exf6 Qxe1+ 35.Rxe1 Rxe1+ 36.Kg2 Rc1 37.Qd3 Rc4 38.Qxd5 Nh4+ 39.Kh3 Ra4 
40.b3 Rf4 41.Qe5 1-0

[Event "interzonal (w)"]
[Site "Tuzla"]
[Date "1987.??.??"]
[Round "6"]
[White "Ivanka, Maria"]
[Black "Liu Shilan"]
[Result "1-0"]
[WhiteElo "2320"]
[BlackElo "2335"]
[EventDate "1987.07.??"]
[PlyCount "93"]

1.Nf3 Nf6 2.g3 c5 3.c4 b6 4.Bg2 Bb7 5.O-O g6 6.d4 cxd4 7.Qxd4 Bg7 8.Nc3 
O-O 9.Qh4 d6 10.Bh6 Bxh6 11.Qxh6 Nbd7 12.Rac1 Rc8 13.b3 Rc5 14.Ng5 Bxg2 
15.Kxg2 Re8 16.Rcd1 Nf8 17.h3 Qa8+ 18.Kg1 d5 19.Rd4 dxc4 20.bxc4 Qc6 21.
Qh4 e5 22.Re4 Nxe4 23.Ngxe4 Rxc4 24.Nf6+ Kh8 25.Nce4 Rxe4 26.Nxe4 f5 27.
Nd2 Kg7 28.Nb3 Qf6 29.Qa4 Re7 30.Rd1 h5 31.Qb4 f4 32.Rd6 Re6 33.Rd3 Re7 
34.Nd2 a5 35.Qa4 fxg3 36.Rxg3 Qf4 37.Ne4 b5 38.Qc2 Ne6 39.e3 Qf5 40.Qc6 
Rc7 41.Qd5 h4 42.Rg4 b4 43.Nd6 Qb1+ 44.Kg2 Kf6 45.Ne8+ Ke7 46.Nxc7 Nxc7 
47.Qxa5 1-0

[Event "interzonal (w)"]
[Site "Tuzla"]
[Date "1987.??.??"]
[Round "6"]
[White "Petrovic, Marija"]
[Black "Khadilkar, Rohini"]
[Result "1-0"]
[WhiteElo "2200"]
[BlackElo "2220"]
[EventDate "1987.07.??"]
[PlyCount "105"]

1.Nf3 Nf6 2.d4 g6 3.Bf4 Bg7 4.e3 d6 5.Be2 O-O 6.h3 Nbd7 7.O-O Qe8 8.c4 e5 
9.Bh2 Qe7 10.Nc3 c6 11.Qc2 Ne8 12.b4 f5 13.dxe5 dxe5 14.c5 Nc7 15.Rad1 a5 
16.a3 axb4 17.axb4 b6 18.Rd6 Rf6 19.Rfd1 bxc5 20.bxc5 Ne8 21.Rxf6 Bxf6 22.
Na4 Kg7 23.Nb6 Nxb6 24.cxb6 Bb7 25.Qd2 e4 26.Ne5 Rd8 27.Qxd8 Qxd8 28.Rxd8 
Bxd8 29.Nc4 Bc8 30.Be5+ Kf7 31.Bd4 Ke6 32.Na5 Nd6 33.Nxc6 Bf6 34.Bc5 Nb7 
35.Bb4 Kd5 36.Na7 Bd7 37.Ba6 Bc6 38.Nc8 Bd8 39.Ne7+ Bxe7 40.Bxe7 Ke6 41.
Bb4 Bd5 42.h4 Kd7 43.Bb5+ Kc8 44.Kh2 Nd8 45.Be7 Nc6 46.Ba6+ Kd7 47.Bc5 Na5
48.Kg3 Nb7 49.Bd4 Ke6 50.Kf4 h5 51.Bb5 Nd6 52.Ba4 Nf7 53.Bb3 1-0

[Event "interzonal (w)"]
[Site "Tuzla"]
[Date "1987.??.??"]
[Round "6"]
[White "Trabert, Bettina"]
[Black "Hoiberg, Nina"]
[Result "0-1"]
[WhiteElo "2225"]
[BlackElo "2295"]
[EventDate "1987.07.??"]
[PlyCount "56"]

1.e4 e5 2.Nc3 Nf6 3.g3 d5 4.exd5 c6 5.dxc6 Nxc6 6.d3 Bc5 7.Be3 Nd4 8.Bg2 
Ng4 9.Qd2 Nxe3 10.fxe3 Nf5 11.Nd5 Be6 12.e4 Bxd5 13.exf5 Be3 14.Qe2 Bxg2 
15.Qxg2 Qb6 16.c3 O-O-O 17.Rd1 Rd7 18.Nh3 Rhd8 19.Qe4 f6 20.Ke2 Bh6 21.b3 
Re7 22.c4 Rd4 23.Qg2 Qa5 24.Kf1 Red7 25.Qe2 e4 26.Nf2 Qxf5 27.dxe4 Rxd1+ 
28.Kg2 Qxf2+ 0-1

[Event "interzonal (w)"]
[Site "Tuzla"]
[Date "1987.??.??"]
[Round "6"]
[White "Veroci-Petronic, Zsuzsa"]
[Black "Matveeva, Svetlana"]
[Result "1-0"]
[WhiteElo "2360"]
[BlackElo "2380"]
[EventDate "1987.07.??"]
[PlyCount "49"]

1.e4 g6 2.d4 Bg7 3.Nc3 c6 4.Bc4 d5 5.exd5 b5 6.Bb3 b4 7.Nce2 cxd5 8.Bd2 a5
9.a3 bxa3 10.Rxa3 e6 11.Ba4+ Kf8 12.Nf3 Ba6 13.O-O Ne7 14.Re1 Bxe2 15.Qxe2
Nbc6 16.c3 h6 17.Bf4 Kg8 18.Rb3 Ra7 19.Qb5 Kh7 20.Qc5 Qa8 21.Rb6 Rc8 22.
Qb5 Rd7 23.h4 Kg8 24.Nd2 Rdd8 25.Ra6 1-0

[Event "interzonal (w)"]
[Site "Tuzla"]
[Date "1987.??.??"]
[Round "7"]
[White "Hoiberg, Nina"]
[Black "Ioseliani, Nana"]
[Result "1/2-1/2"]
[WhiteElo "2295"]
[BlackElo "2450"]
[EventDate "1987.07.??"]
[PlyCount "71"]

1.e4 c5 2.Nf3 e6 3.d4 cxd4 4.Nxd4 Nf6 5.Nc3 d6 6.Bg5 Be7 7.f4 h6 8.Bh4 Nc6
9.Nxc6 bxc6 10.e5 Nd5 11.Bxe7 Qxe7 12.Qd4 dxe5 13.fxe5 Rb8 14.a3 Nxc3 15.
bxc3 O-O 16.Bd3 c5 17.Qe4 g6 18.O-O Bb7 19.Qe3 Qg5 20.Qxg5 hxg5 21.c4 Bc6 
22.Kf2 Kg7 23.Kg3 Rfd8 24.Rab1 Rb7 25.a4 Rdb8 26.Rxb7 Rxb7 27.a5 Rb2 28.
Ra1 Rb4 29.h3 Bd7 30.Kg4 Kh6 31.a6 Bb5 32.Ra5 Bxc4 33.c3 Bxd3+ 34.cxb4 
cxb4 35.Ra4 b3 36.Rb4 1/2-1/2